000 01158cam a2200217 4500
001 ##L135201
008 061004n2006 000 0 eng u
035 _a(Sirsi) u135201
041 0 _aeng
050 0 4 _a333.33 $2 18
110 2 _aNationwide Building Society
_91019
245 0 0 _aNationwide monthly house price review
_bMay 2006
260 _aLondon
_bNationwide
_c2006
490 0 _aNationwide Monthly House Price Review
_vMay 2006
520 _aHouse prices grew sluggishly by 0.2% in May. The annual rate of house price inflation has slowed slightly to 4.7% in May. The price of a typical UK house now stands at £164 632, almost £7 500 more than at this time last year. Accelerating house price growth should not be taken for granted as there are signs that the market is cooling. Higher money market interest rates are already affecting mortgage costs.
650 2 4 _aNATIONWIDE MONTHLY HOUSE PRICE REVIEW
651 4 _aUnited Kingdom
_y
690 _aPROPERTY-RESIDENTIAL PROPERTY-RESIDENTIAL PROPERTY MARKET
856 4 0 _uhttps://nationwide.co.uk/hpi/review.html
_zView the review free of charge at http://nationwide.co.uk...
942 _n0
999 _c105944
_d105944